| 000 | 00594nam a2200229Ia 4500 | ||
|---|---|---|---|
| 003 | OSt | ||
| 005 | 20220928105156.0 | ||
| 006 | a|||||r|||| 00| 0 | ||
| 007 | ta | ||
| 008 | 220927b |||||||| |||| 00| 0 eng d | ||
| 024 | _a45652 | ||
| 037 | _cTextual | ||
| 040 |
_aSDCL _cSDCL _beng |
||
| 041 |
_2eng _aeng |
||
| 082 | _aV5922'N5<C, M1 | ||
| 100 |
_aVerma Vimlesh Kanti _9414236 |
||
| 245 | 0 | _aBalgariya ka Itihas | |
| 260 |
_aDelhi _bRajpal _c1981 |
||
| 300 |
_a338p _ccm. |
||
| 942 |
_hV5922'N5<C, M1 _cTEXL _2CC |
||
| 999 |
_c730040 _d730040 |
||